000 00524nam a22001457a 4500
003 macl
005 20180421154645.0
008 180421b xxu||||| |||| 00| 0 eng d
040 _cmacl
100 _aशम्‍सुर्रहमान फारूकी
_953938
245 _aमीर की कविता और भारतीय सौन्‍दर्यबोध
260 _aदिल्‍ली
_bभारतीय ज्ञानपीठ
_c2016
650 _aकविता
_972226
942 _2ddc
_cHIN
999 _c57859
_d57859